000 00326nam a2200133Ia 4500
008 220204s9999 xx 000 0 und d
082 _bSAN.2
100 _aKaro, Wolf
245 0 _aPolymer synthesis. V 2
260 _aNew York
_bAcademic
_c1977
650 _aPolymer synthesis
700 _aSandler, Stanley R
942 _cBK
999 _c30121
_d30121